Hygiena potravin

Enregistré dans:
Détails bibliographiques
Auteur principal: Matyáš, Zdeněk
Format: Livre
Langue:tchèque
Publié: Praha SZN 1965
Tags: Ajouter un tag
Pas de tags, Soyez le premier à ajouter un tag!

MARC

LEADER 00000nam a2200000 4500
001 c122943
005 20221207103259.8
041 0 |a cze 
044 |a CZ 
245 1 0 |a Hygiena potravin  |c Zdeněk Matyáš a kol. 
264 1 |a Praha  |b SZN  |c 1965 
300 |a 629 s. 
100 1 |a Matyáš, Zdeněk